Athalía y andrómaca
Saved in:
| 主要作者: | |
|---|---|
| 格式: | 圖書 |
| 語言: | 西班牙语 |
| 出版: |
Buenos Aires
Espasa-calpe
1948
|
| 叢編: | Colección austral
|
| 主題: | |
| 標簽: |
添加標簽
沒有標簽, 成為第一個標記此記錄!
|
MARC
| LEADER | 00000nam a2200000 a 4500 | ||
|---|---|---|---|
| 001 | UCH8148 | ||
| 003 | CL-VaPUC | ||
| 008 | 091127e19480000AG |||||||||||||||||spa|d | ||
| 082 | 0 | 4 | |a 842 |b RAC |2 21 |
| 100 | 0 | |a Racine, Juan |e author |9 544596 | |
| 245 | 1 | 0 | |a Athalía y andrómaca |
| 300 | |a 146 p | ||
| 942 | |c BK | ||
| 945 | |d 20091127 00:00:00 |a ccalabra | ||
| 260 | |a Buenos Aires |b Espasa-calpe |c 1948 | ||
| 650 | 0 | |a Literatura |9 259151 | |
| 650 | 0 | |a Literatura francesa |9 266330 | |
| 650 | 7 | |a DRAMAS FRANCESES |2 CL-VaPUC |9 267189 | |
| 650 | 0 | |a Escritores franceses |9 450149 | |
| 650 | 0 | |a Narrativa |9 336727 | |
| 650 | 0 | |a Ficción |9 376687 | |
| 650 | 0 | |a Lectura |9 307634 | |
| 651 | 0 | |a Francia |9 255157 | |
| 583 | |a last modification |c 20091127 00:00:00 |k Rodrigo Vera | ||
| 490 | 0 | |a Colección austral | |
| 999 | |c 338389 |d 338387 | ||